Ricerche sul diritto agli alimenti
Saved in:
| Hovedforfatter: | |
|---|---|
| Format: | Bog |
| Sprog: | italiensk |
| Udgivet: |
Turín
Giappichelli
1972
|
| Udgivelse: | 1a. ed |
| Serier: | Università di Torino. Memorie dell'Istituto Giuridico, 144
|
| Fag: | |
| Tags: |
Tilføj Tag
Ingen Tags, Vær først til at tagge denne postø!
|
MARC
| LEADER | 00000cam a2200000 a 4500 | ||
|---|---|---|---|
| 001 | UCD4982 | ||
| 003 | CL-VaPUC | ||
| 008 | 160731e19720000it |||||||||||||||||ita|d | ||
| 082 | 0 | 4 | |a 346.45016 |b PEN |2 21 |
| 100 | 0 | |a Pene Vidari, Gian Savino |e author |9 588697 | |
| 245 | 1 | 0 | |a Ricerche sul diritto agli alimenti |
| 250 | |a 1a. ed | ||
| 300 | |a v | ||
| 942 | |c BK | ||
| 945 | |d 20160731 21:25:00 |a arojas | ||
| 260 | |a Turín |b Giappichelli |c 1972 | ||
| 650 | 0 | |a Derecho de alimentos |9 258635 | |
| 650 | 0 | |a Derecho y legislación |9 255077 | |
| 650 | 0 | |a Alimentos |9 256203 | |
| 651 | 0 | |a Italia |9 254949 | |
| 583 | |a last modification |c 20160731 21:25:00 |k Rodrigo Vera | ||
| 490 | 0 | |a Università di Torino. Memorie dell'Istituto Giuridico, 144 | |
| 999 | |c 365760 |d 365758 | ||
| 952 | |0 0 |1 0 |3 erb |4 0 |6 346_450160000000000_PEN_1972 |7 0 |8 A |9 479712 |a BIBDER |b BIBDER |h v.1 |i 5299683 |o 346.45016 PEN 1972 |p 5299683 |r 2019-11-24 |w 2019-11-24 |y BK |z Catalogado en:20160731 |k DER | ||